Youtuberzy powyżej miliona - Statystyki

Ogólne statystyki
  • Ten quiz został rozwiązany 418 razy
  • Średni wynik to 53 z 77
Statystyki odpowiedzi
Youtuber Odpowiedź % Poprawnych
Blowek Karol
99%
Friz Karol
99%
Karolek Karol
99%
Sitr0x Karol
99%
dealereq Karol
99%
reZigiusz Remigiusz
93%
Remigiusz Maciaszek Remigiusz
93%
5 Sposobów na... Marcin
92%
Marcin Malczynski Marcin
92%
Marcin Dubiel Marcin
92%
DISCO MAREK Marek
90%
AdBuster Marek
90%
FIT LOVERS Mateusz
90%
Mateusz M Mateusz
90%
Tromba Mateusz
90%
Agnieszka Grzelak Vlog Agnieszka
88%
Agnieszka Grzelak Beauty Agnieszka
88%
Stuu Stuart
87%
Stuu Burton Stuart
87%
5 Sposobów na... Tomasz
87%
Tomasz 'Gimper' Działowy Tomasz
87%
Tommy Craze Tomasz
87%
JDabrowsky Jan
86%
Dominik Łupicki Dominik
85%
Cyber Marian Dominik
85%
Dawid Frank Dawid
84%
TRENUJ Z KRZYCHEM Krzysztof
84%
Wersow Weronika
83%
MagdalenaMariaMonika Magdalena
82%
GramPaula Paulina
81%
Zuzanna Borucka Zuzanna
79%
Naruciak Adam
77%
Poszukiwacz Adam
77%
WiP Bros. Adam
77%
izak LIVE Piotr
77%
Zajcu37 Piotr
77%
WiP Bros. Piotr
77%
NOLIF Piotr
77%
Martin Stankiewicz Martin
75%
Ajgor Ignacy Ignacy
72%
SA Wardega Sylwester
72%
MULTI Michał
71%
BOXDEL Michał
71%
RoxMb Michał
71%
Kamerzysta Łukasz
69%
Mandzio Łukasz
69%
FIT LOVERS Pamela
63%
AbstrachujeTV Robert
63%
Kaluch Kamil
61%
WiP Bros. Wojciech
60%
Historia bez cenzury Wojciech
60%
IsAmU Szymon
59%
BEKSY Aleksandra
57%
THEUNBOXALL Paweł
56%
AbstrachujeTV Rafał
56%
AbstrachujeTV Cezary
55%
TheNitroZyniak Sergiusz
55%
Niekryty Krytyk Maciej
54%
Z Dvpy Maciej
54%
Medusa Official Adrian
52%
BEKSY Nadia
50%
DeeJayPallaside Daniel
49%
Vertez Bartosz
44%
Planeta Faktów Jacek
43%
ROJSON Patryk
43%
Dezy Dezydery
38%
jedrek29t Jędrzej
36%
skkf Florian
31%
5 Sposobów na... Artur
29%
Topowa Dycha Artur
29%
5 Sposobów na... Przemysław
29%
Disowskyy Przemysław
29%
5 Sposobów na... Sebastian
29%
Szparagi Karolina
28%
Szparagi Natalia
28%
GilathissNew Krystian
24%
True Beauty is Internal Adrianna
23%
Nie znaleziono quizów pasujących do podanych kryteriów
Rozkład punktacji
Procent ludzi z każdym wynikiem
Percentyl według liczby udzielonych odpowiedzi
Twoja historia wyników
Nie rozwiązałeś tego quizu